| 000 | 00929nam a2200325 b 4500 | ||
|---|---|---|---|
| 001 | 20272 | ||
| 003 | DO-SdBPM | ||
| 005 | 20250807111320.0 | ||
| 007 | 20272 | ||
| 008 | 000509r 1993 sp | ||| ||spa | ||
| 017 |
_a _b |
||
| 020 | _a8420447625 | ||
| 035 | _a | ||
| 040 |
_aDO-SdBPM _bspa _cBPMSU _e rda |
||
| 082 | 4 |
_a863.6 _bS572n 1998 _222 |
|
| 100 | 1 |
_aSierra i Fabra, Jordi _d1947- _eautor _948 |
|
| 245 | 1 | 0 |
_aNoche de viernes / _cJordi Sierra i Fabra _h |
| 260 | _g | ||
| 264 |
_aMadrid : _bAlfaguara, _c1998 |
||
| 300 |
_a167 páginas ; _c22 cm |
||
| 336 |
_atexto _btxt _2rdacontent |
||
| 337 |
_asin mediación _bn _2reamedia |
||
| 338 |
_avolumen _bnc _2rdacarrier |
||
| 490 | 0 |
_aAlfaguara juvenil; _aSerie roja |
|
| 590 | _aInventariado, 2025/VM | ||
| 650 | 7 | _aNovela española. | |
| 650 | 7 |
_aJuventud y drogas _vNovela. |
|
| 910 | _aVMateo V. Control de calidad. BPMSU | ||
| 942 |
_2ddc _cBK |
||
| 999 |
_c9894 _d9894 |
||